000 00454nam a2200145Ia 4500
008 211109s9999||||xx |||||||||||||| ||und||
082 _a894.81292
_bCHA-M
100 _aChandran, V Ramesh
245 0 _aMahacharithamaala
260 _bNATIONAL BOOKSTALL
_aKottayam
_c1900
300 _a99p.
630 _xGeneral Stack
650 _aBiography, genealogy & insignia
_vAltaic, Uralic, Hyperborean & Dravidian
_xLiterature & rhetoricGeneralia
942 _cBOOK
999 _c93835
_d93835